Welcome to CU Library Online Public Access Catalogue (OPAC)

Interpretation of diagnostic tests / (Record no. 3193)

MARC details
000 -LEADER
fixed length control field 00784cam a22002174a 4500
001 - CONTROL NUMBER
control field 11815235
005 - DATE AND TIME OF LATEST TRANSACTION
control field 20250129092632.0
008 - FIXED-LENGTH DATA ELEMENTS--GENERAL INFORMATION
fixed length control field 991025s2000 paua bf 001 0 eng c
020 ## - INTERNATIONAL STANDARD BOOK NUMBER
International Standard Book Number 9780781716598
050 00 - LIBRARY OF CONGRESS CALL NUMBER
Classification number RB38.2
Item number .W35 2000
082 00 - DEWEY DECIMAL CLASSIFICATION NUMBER
Classification number 616.07/56
Edition information 21
100 1# - MAIN ENTRY--PERSONAL NAME
Personal name Wallach, Jacques
Fuller form of name (Jacques Burton),
Dates associated with a name 1926-
245 10 - TITLE STATEMENT
Title Interpretation of diagnostic tests /
Statement of responsibility, etc. Jacques Wallach.
250 ## - EDITION STATEMENT
Edition statement 7th ed.
260 ## - PUBLICATION, DISTRIBUTION, ETC.
Place of publication, distribution, etc. Philadelphia, PA :
Name of publisher, distributor, etc. Lippincott Williams and Wilkins,
Date of publication, distribution, etc. 2000.
300 ## - PHYSICAL DESCRIPTION
Extent xiii, 1026 p. :
Other physical details ill. ;
Dimensions 24 cm.
650 #0 - SUBJECT ADDED ENTRY--TOPICAL TERM
Topical term or geographic name entry element Diagnosis, Laboratory
Form subdivision Handbooks, manuals, etc.
650 12 - SUBJECT ADDED ENTRY--TOPICAL TERM
Topical term or geographic name entry element Laboratory Techniques and Procedures.
856 42 - ELECTRONIC LOCATION AND ACCESS
Materials specified Publisher description
Uniform Resource Identifier <a href="http://www.loc.gov/catdir/enhancements/fy0712/99055267-d.html">http://www.loc.gov/catdir/enhancements/fy0712/99055267-d.html</a>
942 ## - ADDED ENTRY ELEMENTS (KOHA)
Source of classification or shelving scheme Library of Congress Classification
Koha item type Books
Edition 7th ed.
Suppress in OPAC No
999 ## -
-- 3193
-- 3193
Holdings
Withdrawn status Lost status Source of classification or shelving scheme Damaged status Not for loan Collection Home library Current library Shelving location Date acquired Total checkouts Full call number Barcode Date last seen Copy number Price effective from Koha item type
    Library of Congress Classification     Non-fiction Science Library (Miotso) Science Library (Miotso) General stacks 01/29/2025   RB38.2 .W35 WAL SLM00002481 01/29/2025 1 01/29/2025 Books
    Library of Congress Classification     Non-fiction Science Library (Miotso) Science Library (Miotso) General stacks 01/29/2025   RB38.2 .W35 WAL SLM00002482 01/29/2025 2 01/29/2025 Books
    Library of Congress Classification     Non-fiction Science Library (Miotso) Science Library (Miotso) General stacks 01/29/2025   RB38.2 .W35 WAL SLM00002483 01/29/2025 3 01/29/2025 Books
© 2023-2024 Copyright: Central University Libraries. All Rights Reserved | Created by: Mahone Tech Office